Fundamentals of Business Process Management
Uloženo v:
| Hlavní autoři: | , , , |
|---|---|
| Médium: | Kniha |
| Jazyk: | angličtina |
| Vydáno: |
Heidelberg, Germany
Springer
2013
|
| Témata: | |
| On-line přístup: | Disponible Online - Cap.1 y 2 |
| Tagy: |
Přidat tag
Žádné tagy, Buďte první, kdo vytvoří štítek k tomuto záznamu!
|
MARC
| LEADER | 00000cam a2200000 a 4500 | ||
|---|---|---|---|
| 001 | UCD1401 | ||
| 003 | CL-VaPUC | ||
| 005 | 20231214193548.0 | ||
| 008 | 160303e20130000gw |||||||||||||||||eng|d | ||
| 999 | |c 362742 |d 362740 | ||
| 020 | |a 9783642331428 | ||
| 040 | |c Pontificia Universidad Católica de Valparaíso | ||
| 082 | 0 | 4 | |a 658.500285 DUM 2013 |2 21 |
| 100 | 0 | |a Dumas, Marlon |e author |9 584512 | |
| 245 | 1 | 0 | |a Fundamentals of Business Process Management |
| 260 | |a Heidelberg, Germany |b Springer |c 2013 | ||
| 300 | |a 399 páginas | ||
| 583 | |a last modification |c 20160303 03:41:00 |k Rodrigo Vera | ||
| 650 | 0 | |a Producción |x Planificación |9 260672 | |
| 650 | 0 | |a Gestión de la producción |9 259467 | |
| 650 | 0 | |a Business process modeling notation(BPMN) |2 CL-VaPUC |9 543872 | |
| 700 | 0 | |a La Rosa, Marcello |e author |9 584513 | |
| 700 | 0 | |a Mendling, Jan |e author |9 584514 | |
| 700 | 0 | |a Reijers, Hajo A |e author |9 584515 | |
| 852 | |a BIBCUR | ||
| 856 | |u http://bibliografiadigital.pucv.cl.pucv.idm.oclc.org/index.php/bibliotecapucv/catalog/book/219 |y Disponible Online - Cap.1 y 2 | ||
| 942 | |c BK |2 ddc | ||
| 945 | |d 20160303 03:41:00 |a dcastane | ||
| 952 | |0 0 |1 0 |2 ddc |3 erd |4 0 |6 658_500285000000000_DUM_2013 |7 0 |8 A |9 474203 |a BIBING |b BIBING |i 5265517 |o 658.500285 DUM 2013 |p 5265517 |r 2025-01-20 |w 2019-11-24 |y BK |z Catalogado en:20160303 |k EII | ||